Que raio de professora sou eu? / (Record no. 474)
[ view plain ]
| 000 -LÍDER | |
|---|---|
| campo de controle de tamanho fixo | 01014nam a22003014a 4500 |
| 001 - NÚMERO DE CONTROLE | |
| campo de controle | 474 |
| 003 - IDENTIFICADOR DO NÚMERO DE CONTROLE | |
| campo de controle | OSt |
| 005 - DATA E HORÁRIO DA ÚLTIMA TRANSAÇÃO | |
| campo de controle | 20250902131104.0 |
| 008 - CAMPO DE DADOS FIXOS--INFORMAÇÃO GERAL | |
| campo de controle de tamanho fixo | 250902b |||||||| |||| 00| 0 eng d |
| 020 ## - ISBN - INTERNATIONAL STANDARD BOOK NUMBER | |
| ISBN - International Standard Book Number | 8526216937 |
| 040 ## - FONTE DA CATALOGAÇÃO | |
| Idioma da catalogação | por |
| 041 ## - CÓDIGO DE IDIOMA | |
| Código do idioma do original e/ou traduções intermediárias do texto | por |
| 082 04 - CDD - CLASSIFICAÇÃO DECIMAL DE DEWEY | |
| Número de Classificação | 028.5 |
| Número do exemplar | A161q |
| 100 1# - ENTRADA PRINCIPAL--NOME PESSOAL | |
| Nome pessoal | Abramovich, Fanny, |
| Datas associadas ao nome | 1940-2017 |
| 9 (RLIN) | 1019 |
| 245 10 - TÍTULO | |
| Título | Que raio de professora sou eu? / |
| Indicação de responsabilidade, etc. | Fanny Abramovich ; [ilustrçoes: Celia Eid]. |
| 250 ## - EDIÇÃO | |
| Declaração de edição | 4. ed. - |
| 260 ## - PUBLICAÇÃO, DISTRIBUIÇÃO, ETC. | |
| Local de publicação, distribuição, etc. | São Paulo : |
| Nome do editor, distribuidor, etc. | Scipione, |
| Data da publicação, distribuição, etc. | 1994. |
| 300 ## - DESCRIÇÃO FÍSICA | |
| Extensão | 96p. : |
| Outros detalhes físicos | il. ; |
| 520 ## - NOTA DE RESUMO, ETC. | |
| Resumo, etc. | Laura é professora da História, tem 33 anos e é divorciada. Um dia resolve escrever um diário, que acaba sendo também um registo dos bastidores do magistério e do universo estudantil no Brasil de hoje.<br/> |
| 650 ## - ASSUNTO--TERMO TÓPICO | |
| Cabeçalho tópico ou nome geográfico | Literatura Brasileira |
| 9 (RLIN) | 205 |
| 650 ## - ASSUNTO--TERMO TÓPICO | |
| Cabeçalho tópico ou nome geográfico | Infantojuvenil |
| 9 (RLIN) | 200 |
| 650 #0 - ASSUNTO--TERMO TÓPICO | |
| Cabeçalho tópico ou nome geográfico | Educação |
| 9 (RLIN) | 20 |
| 655 #0 - TERMO DE ÍNDICE--GÊNERO E FORMA | |
| Gênero/forma/ou termo foco | Romance |
| 655 #0 - TERMO DE ÍNDICE--GÊNERO E FORMA | |
| Gênero/forma/ou termo foco | Não Ficção |
| 700 1# - ENTRADA ADICIONADA - NOME PESSOAL | |
| Nome pessoal | Eid, Celia. |
| Função do autor por extenso | Ilustradora |
| 9 (RLIN) | 1020 |
| 830 0# - ENTRADA SECUNDÁRIA DE SÉRIE--TÍTULO UNIFORME | |
| Título uniforme | Diálogo |
| 9 (RLIN) | 997 |
| 942 ## - ELEMENTOS DE ENTRADA ADICIONADOS (KOHA) | |
| Fonte de classificação ou esquema de arquivamento | Classificação decimal de Dewey |
| Ocultar no OPAC | Não |
| Tipo de material Koha | Livros |
| Situação do descarte | Situação das perdas | Fonte de classificação ou esquema de arquivamento | Status danificado | Não pode ser emprestado | Coleção | Biblioteca de origem | Biblioteca atual | Localização na estante | Data de aquisição | Fonte de aquisição | Total de empréstimos | Número de chamada completo | Código de barras | Data de último acesso | Número do exemplar | Data do preço efetivo | Tipo de material Koha |
|---|---|---|---|---|---|---|---|---|---|---|---|---|---|---|---|---|---|
| Classificação decimal de Dewey | Ficção | Biblioteca Professor Eduardo Afonso de Castro | Biblioteca Professor Eduardo Afonso de Castro | Infanto Juvenil | 02.09.2025 | doação | 028.5 / A161q | 2025-17406 | 02.09.2025 | vol. 1 | 02.09.2025 | Livros | |||||
| Classificação decimal de Dewey | Ficção | Biblioteca Professor Eduardo Afonso de Castro | Biblioteca Professor Eduardo Afonso de Castro | Infanto Juvenil | 02.09.2025 | doação | 028.5 / A161q | 2025-17407 | 02.09.2025 | vol. 2 | 02.09.2025 | Livros |